Documento de política para el cambio y el desarrollo en la educación superior
| Format: | Bog |
|---|---|
| Sprog: | spansk |
| Udgivet: |
París :
UNESCO,
1995
|
| Fag: |
MARC
| LEADER | 00000nam a2200000Ia 4500 | ||
|---|---|---|---|
| 008 | 180426b1995 f ||||| |||| 00| | spa d | ||
| 999 | |c 1828 |d 1828 | ||
| 090 | |a 06.03.06 |b 726 | ||
| 245 | 1 | 0 | |a Documento de política para el cambio y el desarrollo en la educación superior |
| 260 | |a París : |b UNESCO, |c 1995 | ||
| 300 | |a 54 páginas | ||
| 610 | 2 | 4 | |a UNESCO |9 1248 |
| 650 | 1 | 4 | |a EDUCACIÓN SUPERIOR |9 8 |
| 650 | 1 | 4 | |a DESARROLLO DE LA EDUCACIÓN |9 24 |
| 650 | 1 | 4 | |a POLÍTICA EDUCATIVA |9 451 |
| 650 | 1 | 4 | |a CALIDAD DE LA EDUCACIÓN |9 11 |
| 942 | |i 001234 ,001245 |h 06.03.06 726 |2 z |c 01 | ||
